| 000 | 01057nac a22003137a 4500 | ||
|---|---|---|---|
| 001 | BR9801464 | ||
| 003 | BR-BrBNA | ||
| 005 | 20240105122108.0 | ||
| 008 | 230509b bl.|||m| |||| 00| 0 por d | ||
| 040 |
_aBR-BrBNA _bpor _cBiblioteca Nacional de Agricultura |
||
| 072 | _aH20; F03 | ||
| 090 | _a1105 BR9801464 | ||
| 100 | 1 | _aCardoso, J.E. | |
| 100 | 1 | _aCavalcanti Junior, A.T. | |
| 100 | 1 | _aSouza, R.N.M. | |
| 100 | 1 | _aMaia, C.B. | |
| 110 | 1 | _aCentro Nacional de Pesquisa de Agroindustria Tropical, Fortaleza, CE (Brasil) | |
| 245 | 1 | _aEfeito da podridao seca (Lasiodiplodia theobromae)da gravioleira na sanidade e germinacao da semente e no vigor das plantulas | |
| 260 | 3 |
_aFortaleza, CE (Brasil): _c1997. |
|
| 300 | _a3 p. | ||
| 490 |
_aComunicado Tecnico - Centro Nacional de Pesquisa de Agroindustria Tropical (Brazil) _vno. 13 _x |
||
| 650 | _aGraviola | ||
| 650 | _aPodridao Seca | ||
| 650 | _aSemente | ||
| 650 | _aGerminacao | ||
| 650 | _aPlantula | ||
| 909 |
_a202312 _bLúcia Elande _c55 _dLúcia Elande |
||
| 942 |
_2AGRIS _n0 _cMS |
||
| 999 |
_c289175 _d289175 |
||